000
00279nam a22001097a 4500
008
170116b xxu||||| |||| 00| 0 eng d
020
_a
9780803602441
041
_a
eng
080
_a
618.2
245
_a
ESSENTIALS OF NURSING LEADERSHIP AND MANAGEMENT
_c
TAPPEN, R.M
942
_2
udc
_c
BK
999
_c
2967
_d
2967